000 00370nam a2200157Ia 4500
008 210210b1968 xxu||||| |||| 00| 0 eng d
041 _aeng
082 _a825/357
100 _aGOLDMAN (A)
245 _aJames joyce
260 _aLondon
_bRoutledge and Kegan Paul Ltd.
_c1968
650 _ajoyce
650 _aJames
690 _aEnglish Criticism
906 _a014673
999 _c133888
_d133888